[Event "HUN-chT2 Erkel 1516"]
[Site "Hungary"]
[Date "2016.04.03"]
[Round "10.8"]
[White "Halasz, Csaba"]
[Black "Kovacs, Daniel"]
[Result "0-1"]
[WhiteElo "2087"]
[BlackElo "1950"]
[PlyCount "48"]
[EventDate "2015.09.13"]
[EventType "team-tourn"]
[EventRounds "11"]
[EventCountry "HUN"]
[SourceTitle "EXT 2017"]
[Source "ChessBase"]
[SourceDate "2016.10.25"]
[SourceVersion "1"]
[SourceVersionDate "2016.10.25"]
[SourceQuality "1"]
[WhiteTeam "MAFC"]
[BlackTeam "Salgotarjan"]
[WhiteTeamCountry "HUN"]
[BlackTeamCountry "HUN"]

1. e4 e5 2. Nf3 Nc6 3. d4 exd4 4. Bc4 Be7 5. 0-0 d6 6. Nxd4 Nxd4 7. Qxd4 Nf6 8. Nc3 0-0 9. Re1 c6 10. a4 Qc7 11. h3 Nd7 12. Bf4 Ne5 13. Bb3 Bxh3 14. Re3 Bf6 15. Qb4 Bg4 16. Bg3 a5 17. Qa3 Rad8 18. Rae1 Qe7 19. f3 Bh5 20. Rd1 Bg5 21. Re2 Qf6 22. Ba2 Qh6 23. Rf1 Be3+ 24. Bf2 Nxf3+ 0-1

[Event "HUN-chT2 Erkel 1213"]
[Site "Hungary"]
[Date "2013.01.27"]
[Round "6.12"]
[White "Kovacs, Daniel"]
[Black "Horvath, Ilona Klara"]
[Result "1-0"]
[WhiteElo "1782"]
[BlackElo "1846"]
[PlyCount "95"]
[EventDate "2012.09.16"]
[EventType "team-tourn"]
[EventRounds "11"]
[EventCountry "HUN"]
[SourceTitle "EXT 2014"]
[Source "ChessBase"]
[SourceDate "2013.11.20"]
[SourceVersion "1"]
[SourceVersionDate "2013.11.20"]
[SourceQuality "1"]
[WhiteTeam "Andornaktalya"]
[BlackTeam "Barcza"]
[WhiteTeamCountry "HUN"]
[BlackTeamCountry "HUN"]

1. d4 d5 2. c4 c6 3. Nc3 Nf6 4. Nf3 e6 5. Bg5 Nbd7 6. c5 b6 7. b4 bxc5 8. bxc5 Qa5 9. Bd2 Qc7 10. Qc2 Ba6 11. g3 e5 12. e3 Bxf1 13. Kxf1 e4 14. Nh4 g6 15. Ng2 Be7 16. Nf4 0-0 17. Kg2 g5 18. Nfe2 Nh5 19. Rag1 Rab8 20. h4 g4 21. Nf4 Nxf4+ 22. gxf4 h5 23. Ne2 f5 24. Ng3 Rb5 25. Nxh5 Rfb8 26. Bc3 Kf7 27. Ng3 Ke6 28. h5 Nf6 29. Rh2 Bd8 30. h6 Qh7 31. Rgh1 Be7 32. Qa4 a5 33. Qc2 Bf8 34. a4 R5b7 35. Bxa5 Rb2 36. Qd1 Ng8 37. Rh5 Ne7 38. Bc7 R8b3 39. Qe1 Ng6 40. Be5 Be7 41. Nxf5 g3 42. Nxg3 Rb1 43. f5+ Kd7 44. fxg6 Qxg6 45. Qxb1 Rxb1 46. Rxb1 Qg4 47. h7 Qf3+ 48. Kg1 1-0

[Event "Saarland-ch B 85th"]
[Site "Homburg"]
[Date "2010.03.28"]
[Round "1"]
[White "Kovacs, Daniel"]
[Black "Pecka, Sebastian"]
[Result "1-0"]
[WhiteElo "1590"]
[BlackElo "1493"]
[PlyCount "105"]
[EventDate "2010.03.28"]
[EventType "swiss"]
[EventRounds "9"]
[EventCountry "GER"]
[SourceTitle "EXT 2011"]
[Source "ChessBase"]
[SourceDate "2010.11.26"]
[SourceVersion "1"]
[SourceVersionDate "2010.11.26"]
[SourceQuality "1"]

1. c4 e5 2. g3 Nf6 3. Bg2 Nc6 4. Nc3 d6 5. d3 Be7 6. Bg5 Be6 7. Bxf6 Bxf6 8. e3 0-0 9. Nge2 Re8 10. 0-0 Qd7 11. Nd5 Bd8 12. Re1 Bh3 13. Bh1 Rb8 14. Ndc3 Qg4 15. f3 Qg6 16. Ne4 Be6 17. Nf2 b5 18. f4 Bd7 19. Be4 f5 20. Bd5+ Kh8 21. Qc1 bxc4 22. Qxc4 Nb4 23. Bf7 Qf6 24. Bxe8 Bxe8 25. Qc1 Bh5 26. a3 Nd5 27. Nc3 Nb6 28. Qd2 Qg6 29. Rac1 Bf3 30. Rf1 Bh4 31. Nh1 Qg4 32. Qf2 e4 33. dxe4 fxe4 34. b3 Nd7 35. h3 Qg6 36. Kh2 Bf6 37. b4 c5 38. Nd5 cxb4 39. axb4 Nb6 40. Nxf6 Qxf6 41. Qa2 Nd7 42. Qxa7 Rd8 43. Qc7 Nf8 44. Qc3 Qf7 45. Nf2 d5 46. Ng4 Ng6 47. Rc2 h6 48. Rfc1 Qf5 49. Qc7 Re8 50. Nf2 Ne7 51. b5 Qf8 52. b6 Rc8 53. Qxc8 1-0

[Event "HUN-chT U18"]
[Site "Miskolc"]
[Date "2009.10.26"]
[Round "1.23"]
[White "Doros, Radu Marian"]
[Black "Kovacs, Daniel"]
[Result "1-0"]
[WhiteElo "2238"]
[BlackElo "1780"]
[PlyCount "85"]
[EventDate "2009.10.26"]
[EventType "team-swiss"]
[EventRounds "8"]
[EventCountry "HUN"]
[SourceTitle "EXT 2016"]
[Source "ChessBase"]
[SourceDate "2015.10.08"]
[SourceVersion "1"]
[SourceVersionDate "2015.10.08"]
[SourceQuality "1"]

1. e4 e5 2. Bc4 Nf6 3. d3 Nc6 4. Nc3 Be7 5. f4 d6 6. Nf3 Bg4 7. h3 Bxf3 8. Qxf3 Nd4 9. Qf2 Nh5 10. Bxf7+ Kxf7 11. fxe5+ Ke8 12. Qxd4 Bh4+ 13. Kd1 Rf8 14. exd6 Qxd6 15. Qxd6 cxd6 16. Be3 Kd7 17. Kd2 Bg3 18. Ne2 b6 19. Rhf1 Bh4 20. g4 Ng3 21. Nxg3 Bxg3 22. Ke2 Rac8 23. c3 Ke6 24. Rxf8 Rxf8 25. Rf1 Rc8 26. Bd4 g6 27. Bg7 Rc7 28. Bh6 b5 29. d4 b4 30. Rf3 Bh4 31. d5+ Ke7 32. Bf8+ Kd7 33. Rf7+ Kd8 34. Rxc7 Kxc7 35. Bg7 bxc3 36. bxc3 Kb6 37. Bd4+ Kb7 38. Kf3 Bg5 39. c4 a5 40. c5 Kc7 41. e5 dxe5 42. Bxe5+ Kd7 43. c6+ 1-0

[Event "Saarland-ch B"]
[Site "Eppelborn"]
[Date "2008.03.26"]
[Round "7"]
[White "Schrickel, Horst"]
[Black "Kovacs, Daniel"]
[Result "1/2-1/2"]
[WhiteElo "1693"]
[BlackElo "1543"]
[PlyCount "101"]
[EventDate "2008.03.14"]
[EventType "swiss"]
[EventRounds "7"]
[EventCountry "GER"]
[SourceTitle "EXT 2010"]
[Source "ChessBase"]
[SourceDate "2010.11.25"]
[SourceVersion "1"]
[SourceVersionDate "2010.11.25"]
[SourceQuality "1"]

1. d4 d5 2. e3 Nf6 3. Bd3 e6 4. Nd2 c5 5. c3 c4 6. Bc2 Be7 7. f4 Nc6 8. Ngf3 Qc7 9. 0-0 0-0 10. Ne5 Nd7 11. Qg4 f5 12. Qe2 Nf6 13. b3 cxb3 14. Bxb3 b6 15. Bb2 Na5 16. Rfc1 Nxb3 17. axb3 Bb7 18. Ba3 Rfc8 19. c4 Bxa3 20. Rxa3 Qe7 21. Raa1 Rc7 22. h3 a6 23. Rab1 Rac8 24. Kh2 a5 25. Qe1 Qb4 26. Nd3 Qe7 27. c5 Ba6 28. Ne5 bxc5 29. Ndf3 cxd4 30. Nxd4 Rxc1 31. Rxc1 Rxc1 32. Qxc1 Ne4 33. Qc6 Nc5 34. Qb6 Bc8 35. Qxa5 Ne4 36. Qa8 Nd6 37. Ndc6 Qb7 38. Qa3 Qc7 39. Qa4 Bb7 40. Nd4 Bc8 41. Nb5 Nxb5 42. Qxb5 Kf8 43. Qa4 Ke7 44. b4 Bd7 45. b5 Qb6 46. Qb4+ Ke8 47. Nxd7 Kxd7 48. Qb3 Kd6 49. Qa3+ Kd7 50. Qc3 Kd6 51. Qa3+ 1/2-1/2

[Event "Saarland-ch B"]
[Site "Eppelborn"]
[Date "2008.03.14"]
[Round "1"]
[White "Kovacs, Daniel"]
[Black "Marburger, Martin"]
[Result "0-1"]
[WhiteElo "1543"]
[BlackElo "1423"]
[PlyCount "66"]
[EventDate "2008.03.14"]
[EventType "swiss"]
[EventRounds "7"]
[EventCountry "GER"]
[SourceTitle "EXT 2010"]
[Source "ChessBase"]
[SourceDate "2010.11.25"]
[SourceVersion "1"]
[SourceVersionDate "2010.11.25"]
[SourceQuality "1"]

1. e4 c5 2. Nf3 Nc6 3. Nc3 d6 4. d4 cxd4 5. Nxd4 Nf6 6. Bc4 e5 7. Nf3 Be7 8. 0-0 0-0 9. h3 Be6 10. Qe2 Rc8 11. Bxe6 fxe6 12. Rd1 Qb6 13. Na4 Qb4 14. Nc3 Nd4 15. Qd3 Nxf3+ 16. Qxf3 Qc4 17. Qd3 Rfd8 18. Bg5 Qb4 19. Bxf6 Bxf6 20. Rab1 a6 21. a3 Qc5 22. Qf3 Rf8 23. Rf1 Bh4 24. Qe2 Rf6 25. Rbc1 Bg3 26. Qe3 Bxf2+ 27. Qxf2 Rxf2 28. Rxf2 Rf8 29. Rcf1 d5 30. a4 dxe4 31. Nxe4 Qe3 32. Kh1 Rxf2 33. Nxf2 Qe2 0-1

[Event "Saarland-ch B"]
[Site "Saarlouis Steinrausch"]
[Date "2005.03.24"]
[Round "7"]
[White "Kovacs, Daniel"]
[Black "Ley, Stefan"]
[Result "1-0"]
[WhiteElo "1407"]
[BlackElo "1569"]
[PlyCount "79"]
[EventDate "2005.03.18"]
[EventType "swiss"]
[EventRounds "9"]
[EventCountry "GER"]
[SourceTitle "EXT 2012"]
[Source "ChessBase"]
[SourceDate "2011.11.24"]
[SourceVersion "1"]
[SourceVersionDate "2011.11.24"]
[SourceQuality "1"]

1. e4 c5 2. Nf3 Nc6 3. d4 cxd4 4. Nxd4 Nf6 5. Nc3 d6 6. Bb5 Bd7 7. 0-0 a6 8. Nxc6 bxc6 9. Bc4 Qc7 10. Re1 e6 11. Bf4 e5 12. Be3 Be7 13. Qd2 0-0 14. Rad1 Ng4 15. Bc5 dxc5 16. Qxd7 Qxd7 17. Rxd7 Bg5 18. Red1 Bd8 19. R7d6 Nf6 20. f3 Be7 21. Rxc6 Rfd8 22. Rxa6 Rxd1+ 23. Nxd1 Rd8 24. Nc3 Rd2 25. Ra8+ Bf8 26. Bd3 c4 27. Bxc4 Rxc2 28. Rb8 Nd7 29. Rb7 Bc5+ 30. Kf1 Rd2 31. Bd5 Nf6 32. Rb8+ Bf8 33. a4 Nd7 34. Rd8 Nc5 35. Bxf7+ Kxf7 36. Rxd2 Ne6 37. Rd5 Kf6 38. a5 Nd4 39. a6 Nc6 40. Nb5 1-0

[Event "Saarland-ch B"]
[Site "Saarlouis Steinrausch"]
[Date "2005.03.18"]
[Round "1"]
[White "Kovacs, Daniel"]
[Black "Scherer, Robert"]
[Result "0-1"]
[WhiteElo "1407"]
[BlackElo "1585"]
[PlyCount "42"]
[EventDate "2005.03.18"]
[EventType "swiss"]
[EventRounds "9"]
[EventCountry "GER"]
[SourceTitle "EXT 2012"]
[Source "ChessBase"]
[SourceDate "2011.11.24"]
[SourceVersion "1"]
[SourceVersionDate "2011.11.24"]
[SourceQuality "1"]

1. e4 c5 2. Nf3 d6 3. d4 cxd4 4. Nxd4 Nf6 5. Nc3 g6 6. Bc4 Bg7 7. 0-0 0-0 8. Be3 Nc6 9. Re1 Bd7 10. Qd2 Rc8 11. Be2 a6 12. a3 b5 13. Nxc6 Bxc6 14. Bd3 d5 15. exd5 Nxd5 16. Nxd5 Qxd5 17. f3 Bxb2 18. Rad1 Bb7 19. Qf2 Qc6 20. Bf4 Qf6 21. Qe3 Bd4 0-1